Age Management Application and its Anticipated Advantages in the Slovak Republic

Základné definície manažmentu veku (Age Management) a zdôvodnenie potreby aplikácie manažmentu veku v Slovenskej republike s využitím argumentácie založenej najmä na syntéze aktuálneho a očakávaného demografického vývoja a meniacej sa účasti obyvateľstva rôznych vekových skupín na trhu práce. Potenc...

Descrizione completa

Salvato in:
Dettagli Bibliografici
Autore principale: Štuller, Pavol, 1975-
Natura: Capitolo di libro
Lingua:inglese
Soggetti:
Tags: Aggiungi Tag
Nessun Tag, puoi essere il primo ad aggiungerne!!

MARC

LEADER 00000naa a2200000 4500
001 0283921
005 20240502074411.8
041 0 |a eng 
044 |a SK 
245 1 0 |a Age Management Application and its Anticipated Advantages in the Slovak Republic  |c Pavol Štuller 
520 |a Základné definície manažmentu veku (Age Management) a zdôvodnenie potreby aplikácie manažmentu veku v Slovenskej republike s využitím argumentácie založenej najmä na syntéze aktuálneho a očakávaného demografického vývoja a meniacej sa účasti obyvateľstva rôznych vekových skupín na trhu práce. Potenciálne výhody aplikácie vekového manažmentu. Manažment veku ako nevyhnutný predpoklad udržateľného ekonomického rastu, udržateľných dôchodkových systémov a verejných financií. 
610 2 0 |a manažment vekový 
610 2 0 |a sily pracovné 
610 2 0 |a starnutie populácie 
610 2 0 |a trh práce 
610 2 0 |a demografia 
610 2 0 |a Slovensko 
100 1 |a Štuller, Pavol, 1975-